رؤى تربوية معاصرة : (Record no. 67049)
[ view plain ]
| 000 -الفاتح | |
|---|---|
| حقل البيانات ثابتة الطول | 01563nam a2200313 4500 |
| 005 - وقت وتاريخ اخر تعامل مع التسجيلة | |
| رقم الضبط | 20240530110954.0 |
| 008 - عناصر البيانات ثابتة الطول - معلومات عامة | |
| حقل البيانات ثابتة الطول | 221221s2022 ua g b 000 0 ara d |
| 017 ## - رقم الايداع القانونى | |
| رقم الايداع القانونى | 20404 |
| المصدر ( الهيئة المختصة) | مصر. دار الكتب |
| 020 ## - الرقم الدولى المعيارى للكتب | |
| الرقم الدولى المعيارى للكتاب | 9789777334266 |
| 040 ## - مصدر الفهرسة | |
| وكالة الفهرسة الأصلية | EG-CaGPL |
| وكالة النسخ | EG-CaGPL |
| 082 04 - رقم تصنيف ديوى العشرى | |
| رقم الطبعة | 21 |
| رقم التصنيف | 371.207 |
| رقم المادة | ف ر |
| 100 0# - المدخل الرئيسى - إسم شخصى | |
| الإسم الشخصى | فايز احمد الحسينى مجاهد |
| 245 10 - بيان العنوان | |
| العنوان | رؤى تربوية معاصرة : |
| بقية العنوان | تطبيقات الذكاء الاصطناعى وتنمية المهارات الحياتية لذوى الاحتياجات الخاصة التعليم الاخضر المواطنة الرقمية التعليم الالكترونى التعليم فى عصر الازمات التاريخ المستقبلى/ |
| بيان المسئوليه,etc | فايز احمد الحسينى مجاهد |
| 260 ## - PUBLICATION, DISTRIBUTION, ETC. (IMPRINT) | |
| تاريخ النشر أو التوزيع | 2022. |
| 300 ## - الوصف المادى | |
| التعداد | 313 ص. ؛ |
| أبعاد الوعاء | 24 سم. |
| 504 ## - تبصرة ببليوجرافية | |
| تبصرة ببليوجرافية,الخ | يشتمل على ارجاعات ببليوجرافية |
| 650 07 - المدخل الاضافى بالموضوع-مصطلح موضوعى | |
| مصدر الرأس أو المصطلح | qrmak |
| مصطلح موضوعي | التعليم |
| التقسيم الفرعي العام | وسائل سمعية وبصرية |
| 650 07 - المدخل الاضافى بالموضوع-مصطلح موضوعى | |
| مصدر الرأس أو المصطلح | qrmak |
| مصطلح موضوعي | التعليم |
| التقسيم الفرعي العام | طرق التدريس |
| 650 07 - المدخل الاضافى بالموضوع-مصطلح موضوعى | |
| مصدر الرأس أو المصطلح | qrmak |
| مصطلح موضوعي | التعليم |
| التقسيم الفرعي العام | الطرق التجريبية |
| 650 07 - المدخل الاضافى بالموضوع-مصطلح موضوعى | |
| مصدر الرأس أو المصطلح | qrmak |
| مصطلح موضوعي | التخطيط التربوى |
| 650 07 - المدخل الاضافى بالموضوع-مصطلح موضوعى | |
| مصدر الرأس أو المصطلح | qrmak |
| مصطلح موضوعي | السياسة التعليمية |
| 650 07 - المدخل الاضافى بالموضوع-مصطلح موضوعى | |
| مصدر الرأس أو المصطلح | qrmak |
| مصطلح موضوعي | الذكاء الاصطناعى |
| 651 ## - المدخل الاضافى بالموضوع - اسم جغرافى | |
| مصدر الرأس أو المصطلح | qrmak |
| 653 0# - مصطلح تكشيفى غير مقيد | |
| مصطلح غير مقيد | التعليم الاخضر |
| 653 0# - مصطلح تكشيفى غير مقيد | |
| مصطلح غير مقيد | المواطنة الرقمية |
| 653 0# - مصطلح تكشيفى غير مقيد | |
| مصطلح غير مقيد | التعليم الالكترونى |
| 942 ## - عناصر المدخل الإضافي( كوها) | |
| مصدر التصنيف او مخطط الترفيف | Dewey Decimal Classification |
| Koha [default] item type | كتاب |
| 260 ## - PUBLICATION, DISTRIBUTION, ETC. (IMPRINT) | |
| -- | الاسكندرية : |
| -- | دار التعليم الجامعى، |
| حالة التراجع | حالة الفقد | حالة تلف | ليس للاعارة | المكان المؤقت | الموقع الحالى | موقع الترفيف | تاريخ الاكتساب | اجمالي اﻻعارات | رقم الطلب | الباركود | تاريخ اخر مشاهدة | تاريخ تفعيل السعر | نوع وعاء كوها |
|---|---|---|---|---|---|---|---|---|---|---|---|---|---|
| مكتبة القاهرة الكبرى | مكتبة القاهرة الكبرى | ق الرئيسية_العلوم الاجتماعية_ك عربى | 12/21/2022 | 371.207 ف ر | 169074 | 12/21/2022 | 12/21/2022 | كتاب |

